10 beliebtesten Smileys - Statistiken

Allgemein
  • Dieses Quiz wurde 28 mal gespielt
  • Das Durchschnittsergebnis liegt bei 2 aus 10
Antwortstatistiken
Hint Antwort % Korrekt
10 Kuss werfendes Smiley
32%
3 Zwinkerndes Gesicht
24%
1 Gesicht mit Freudentränen
20%
8 Grinsendes Gesicht mit lachenden Augen
20%
5 Nachdenkendes Gesicht
20%
2 Sich lachend auf dem Boden wälzendes Gesicht
12%
4 Gesicht mit offenen Augen und Schweißträne
8%
9 Heulendes gesicht
8%
7 Smiley mit Herz Augen
8%
6 Strahlendes Gesicht
8%
Keine übereinstimmenden Quizze gefunden
Verteilung der Resultate
Anzahl Personen mit jedem Resultat
Perzentil nach korrekt beantworteten Fragen
Ihre Resultats-Entwicklung
Sie haben dieses Quiz noch nicht gespielt